[Event "EU School-ch U15 Girls"]
[Site "Budva"]
[Date "2017.06.13"]
[Round "3"]
[White "Mandic, Teodora"]
[Black "Bojovic, Neda"]
[Result "1-0"]
[WhiteElo "1560"]
[BlackElo "1198"]
[PlyCount "120"]
[EventDate "2017.06.11"]
[EventType "swiss"]
[EventRounds "9"]
[EventCountry "MNE"]
[SourceTitle "EXT 2024"]
[Source "ChessBase"]
[SourceDate "2023.10.10"]
[SourceVersion "1"]
[SourceVersionDate "2023.10.10"]
[SourceQuality "1"]

1. e4 c5 2. Nf3 Nc6 3. d4 cxd4 4. Nxd4 g6 5. Nc3 Bg7 6. Be3 Nf6 7. Be2 Qa5 8. 0-0 0-0 9. h3 Rd8 10. Bf3 a6 11. Qd2 Qc7 12. Rad1 d6 13. Rfe1 Bd7 14. Nd5 Nxd5 15. exd5 Ne5 16. Be2 Rac8 17. c3 Re8 18. a3 Nc4 19. Bxc4 Qxc4 20. Ne2 Ba4 21. Rc1 Bb3 22. Nf4 Bh6 23. Re2 Bxf4 24. Bxf4 Qxd5 25. Qe1 Rc7 26. Re3 e5 27. Bg3 Ba4 28. Re4 Bc6 29. f3 Qc5+ 30. Bf2 Qb5 31. Rb4 Qd5 32. Rd1 Qe6 33. Qe3 Kg7 34. Rc1 Bb5 35. c4 Bxc4 36. b3 d5 37. bxc4 dxc4 38. Qe4 Rec8 39. Be1 b5 40. a4 Qe8 41. axb5 axb5 42. Bc3 Rc5 43. f4 f6 44. fxe5 fxe5 45. Re1 Kf6 46. Qf4+ Kg7 47. Rxe5 Rxe5 48. Qxe5+ Qxe5 49. Bxe5+ Kg8 50. Rxb5 c3 51. Rb1 c2 52. Rc1 Rc5 53. Bf4 Rc4 54. g3 Kf7 55. Kf2 Kf6 56. h4 h5 57. Ke2 Kf5 58. Kd3 Rc6 59. Rxc2 Rxc2 60. Kxc2 Ke4 1-0